Managing marketing linkages : (Record no. 344574)
[ view plain ]
| 000 -LEADER | |
|---|---|
| fixed length control field | 01730 a2200217 4500 |
| 020 ## - INTERNATIONAL STANDARD BOOK NUMBER | |
| International Standard Book Number | 013234923X |
| 020 ## - INTERNATIONAL STANDARD BOOK NUMBER | |
| International Standard Book Number | 9780132349239 |
| 082 04 - DEWEY DECIMAL CLASSIFICATION NUMBER | |
| Classification number | 658.8 |
| 090 ## - LOCALLY ASSIGNED LC-TYPE CALL NUMBER (OCLC); LOCAL CALL NUMBER (RLIN) | |
| -- | 2071 |
| -- | 2071 |
| 100 1# - MAIN ENTRY--PERSONAL NAME | |
| Personal name | Cespedes, Frank V. |
| 245 10 - TITLE STATEMENT | |
| Title | Managing marketing linkages : |
| Remainder of title | text, cases, and readings / |
| Statement of responsibility, etc. | Frank V. Cespedes. |
| 250 ## - EDITION STATEMENT | |
| Edition statement | 1st ed. |
| 260 ## - PUBLICATION, DISTRIBUTION, ETC. | |
| Place of publication, distribution, etc. | [S.l.] : |
| Name of publisher, distributor, etc. | Prentice Hall, |
| Date of publication, distribution, etc. | 1995. |
| 300 ## - PHYSICAL DESCRIPTION | |
| Extent | 403 p. ; |
| Dimensions | 23 cm. |
| 500 ## - GENERAL NOTE | |
| General note | Facsimile. |
| 500 ## - GENERAL NOTE | |
| General note | Paperback. |
| 520 ## - SUMMARY, ETC. | |
| Summary, etc. | For courses in Marketing Management, Introductory or Advanced Sales Management, Marketing Strategy, Competitive Strategy. Unlike other text/casebooks that focus either on product management OR sales management OR service operations in isolation from the other activities, this extensive exploration of marketing linkages provides a detailed look at the increasingly intertwined product, sales, and service tasks in a variety of business settings. The Introduction, Readings and 12 unique Cases discuss in depth aspects of organization and implementation that standard texts mention, but then slide over -- the interaction of external market factors and internal organizational linkages required to develop and maintain profitable customer relationships. It considers what well-known companies in different market environments are doing to manage these marketing linkages, and reveals the wider organizational implications in areas ranging from strategy development, on the one hand, to tactical sales management issues, on the other. |
| 856 40 - ELECTRONIC LOCATION AND ACCESS | |
| Materials specified | Amazon.com |
| Uniform Resource Identifier | <a href="http://www.amazon.com/exec/obidos/ASIN/013234923X/chopaconline-20">http://www.amazon.com/exec/obidos/ASIN/013234923X/chopaconline-20</a> |
| 856 40 - ELECTRONIC LOCATION AND ACCESS | |
| Materials specified | Amazon customer reviews |
| Uniform Resource Identifier | <a href="http://www.chopac.org/cgi-bin/tools/azrev.pl?q=013234923X">http://www.chopac.org/cgi-bin/tools/azrev.pl?q=013234923X</a> |
| 942 ## - ADDED ENTRY ELEMENTS (KOHA) | |
| Institution code [OBSOLETE] | NBS |
| Koha item type | Book |
| Call number prefix | 658.8 CES |
| Withdrawn status | Lost status | Damaged status | Not for loan | Permanent Location | Current Location | Date acquired | Total Checkouts | Full call number | Barcode | Date last seen | Price effective from | Koha item type |
|---|---|---|---|---|---|---|---|---|---|---|---|---|
| Central Library (CL) | Central Library (CL) | 08/28/2013 | 658.8 CES | NBS3520 | 08/28/2013 | 08/28/2013 | Book |
